Principles of economics / (Record no. 3188)

000 -LEADER
fixed length control field 00918pam a2200289 a 4500
001 - CONTROL NUMBER
control field 4926258
003 - CONTROL NUMBER IDENTIFIER
control field OSt
005 - DATE AND TIME OF LATEST TRANSACTION
control field 20170105101211.0
008 - FIXED-LENGTH DATA ELEMENTS--GENERAL INFORMATION
fixed length control field 950908s1996 njua 001 0 eng
010 ## - LIBRARY OF CONGRESS CONTROL NUMBER
LC control number 95036372
020 ## - INTERNATIONAL STANDARD BOOK NUMBER
International Standard Book Number 0134404882
040 ## - CATALOGING SOURCE
Original cataloging agency DLC
Transcribing agency DLC
Modifying agency DLC
050 00 - LIBRARY OF CONGRESS CALL NUMBER
Classification number HB171.5
Item number .C3123 1996
082 00 - DEWEY DECIMAL CLASSIFICATION NUMBER
Classification number 330
Edition number 20
100 1# - MAIN ENTRY--PERSONAL NAME
Personal name Case, Karl E.
245 10 - TITLE STATEMENT
Title Principles of economics /
Statement of responsibility, etc. Karl E. Case, Ray C. Fair.
250 ## - EDITION STATEMENT
Edition statement 4th ed.
260 ## - PUBLICATION, DISTRIBUTION, ETC.
Place of publication, distribution, etc. Upper Saddle River, N.J. :
Name of publisher, distributor, etc. Prentice Hall,
Date of publication, distribution, etc. c1996.
300 ## - PHYSICAL DESCRIPTION
Extent 1 v. (various pagings) :
Other physical details col. ill. ;
Dimensions 26 cm.
500 ## - GENERAL NOTE
General note Col. map of world on endpapers.
500 ## - GENERAL NOTE
General note Includes index.
650 #0 - SUBJECT ADDED ENTRY--TOPICAL TERM
Topical term or geographic name entry element Microeconomics.
700 1# - ADDED ENTRY--PERSONAL NAME
Personal name Fair, Ray C.
906 ## - LOCAL DATA ELEMENT F, LDF (RLIN)
a 7
b cbc
c orignew
d 1
e ocip
f 19
g y-gencatlg
942 ## - ADDED ENTRY ELEMENTS (KOHA)
Source of classification or shelving scheme
Koha item type Book
Holdings
Withdrawn status Lost status Source of classification or shelving scheme Damaged status Not for loan Collection code Permanent Location Current Location Shelving location Date acquired Total Checkouts Total Renewals Full call number Barcode Date last seen Date last checked out Price effective from Koha item type
            Central Library (CL) Central Library (CL) General Stacks 05/19/2016 2 1 330 CAS S3H-N-630 12/21/2019 09/15/2019 05/19/2016 Book
© 2023 Central Library, National University of Sciences and Technology. All Rights Reserved.